000 00316nam a2200133Ia 4500
008 191201s2015 xx 000 0 und d
100 _aDANDKAR, MM
245 0 _aWater Power Engineering
250 _a2nd
260 _c2015
_bVikas Publication House
_aN. Delhi
300 _a610
650 _aCIVIL
942 _2ddc
_cBB
999 _c7669
_d7669